00255nam a2200073Ia 4500008004100000082000800041100002500049245010700074240331s9999 xx 000 0 und d bHum aSri lanka foundation 0aHuman rights and religions in Sri Lanka :ba contemporary on the universal declaration of human rights